000
00307nam a2200133Ia 4500
005
20251222152044.0
008
251222s9999||||xx |||||||||||||| ||spa||
020
_a
9290432551
082
_a
575.1/I59
245
0
_a
Rocket Genética Resources Network
250
_a
1ra.ed.
264
_b
IPGRI
942
_c
LIB
999
_c
26161
_d
26161